000 01665nam a2200529 i 4500
001 42584
003 KOSZ 005
005 20221004084828.0
008 030226s2003 pl a |000 0 pol
015 _aUWD 2005/12708
020 _a8373330194
035 _a991020296359705066
035 _a(PL-WaBN)b15503744-48omnis_nlop
035 _ab15503744
035 _a(OCoLC)749646856
035 _azz2003940685
035 _a(PL)b0000001550374
035 _a(EXLNZ-48OMNIS_NETWORK)9910145655205606
040 _aWA N
_cWA N
_dKOSZ 005/HR
041 0 _apol
046 _k2003
080 _a340.1
080 _a001.81
080 _a161/162
080 _a808.5
100 1 _aStelmach, Jerzy
_d(1954- )
_eAutor
245 1 0 _aKodeks argumentacyjny dla prawników /
_cJerzy Stelmach ; grafiki Stanisław Wejman.
260 _aKraków :
_b"Zakamycze",
_c2003.
300 _a108, [2] s. :
_bil. ;
_c17 cm.
336 _aTekst
_btxt
_2rdacontent
337 _aBez urządzenia pośredniczącego
_bn
_2rdamedia
338 _aWolumin
_bnc
_2rdacarrier
380 _aKsiążki
388 _a2001-
504 _aBibliogr.
650 7 _aArgumentacja prawnicza
_2DBN
650 7 _aDyskusja
650 7 _aLogika prawnicza
650 7 _aRetoryka
_2DBN
655 7 _aPoradnik
_2DBN
658 _aPrawo i wymiar sprawiedliwości
700 1 _aWejman, Stanisław
_d(1944- )
_eIlustracje
710 2 _aKantor Wydawniczy Zakamycze
_4pbl
856 _uhttp://koha.tu.koszalin.pl/cgi-bin/koha/opac-detail.pl?biblionumber=42584
_yKatalog online BPK
942 _2UKD
_cKS
999 _c42584
_d42584